| 000 | 00376cam a2200157ua 4500 | ||
|---|---|---|---|
| 020 | _a8185095736 | ||
| 082 |
_a539 _bMAN/IN |
||
| 100 | _aMani, HS . | ||
| 245 | _aIntroduction to modern physics / | ||
| 250 | _a1 / | ||
| 260 |
_aNew Delhi : _bAffiliated East West Press Pvt Ltd , _c1992. |
||
| 300 | _a443 ; . | ||
| 500 | _a*CSS | ||
| 700 | 1 | _aMehta, G K . | |
| 942 | _cBK | ||
| 999 |
_c7471 _d7471 |
||